000 00347 a2200157 4500
001 148743
040 _cEscola São Tomás de Aquino
100 _aSTRAUSZ, Rosa Amanda
240 1 0 _aUm nó na cabeça
_lpor
245 1 0 _aUm nó na cabeça
300 _a44
362 0 _a2011
440 1 _aFTD
697 _a*LITERATURA INFANTO
942 _cBK
999 _c148743
_d148743